[Event "Hastings Masters 2025-26"]
[Site "Hastings ENG"]
[Date "2025.12.28"]
[Round "1.25"]
[White "Varney, Zoe"]
[Black "Demac, Elias"]
[Result "1/2-1/2"]
[WhiteTitle "WFM"]
[WhiteElo "2053"]
[BlackElo "2230"]
[WhiteFideId "436135"]
[BlackFideId "1505807"]
[EventDate "2025.12.28"]

1. e4 c6 2. d4 d5 3. e5 Bf5 4. h4 h5 5. Bd3 Bxd3 6. Qxd3 Qa5+ 7. Nd2 Qa6 8. c4
e6 9. Ngf3 Nh6 10. O-O Nf5 11. b3 Be7 12. a4 Nxh4 13. Nxh4 Bxh4 14. Ba3 Nd7 15.
g3 Be7 16. Bxe7 Kxe7 17. Qe3 Qa5 18. b4 Qd8 19. b5 Kf8 20. Rfb1 g6 21. a5 a6 22.
bxc6 bxc6 23. Rb7 Kg7 24. Rab1 h4 25. g4 h3 26. Kh2 Qe7 27. Qf4 Rhb8 28. g5 Rxb7
29. Rxb7 Qd8 30. Rb3 Rb8 31. Rf3 Qe8 32. Qh4 Kf8 33. Qh7 Ke7 34. Qh4 Rb2 35. Qf4
Ra2 36. cxd5 cxd5 37. Nb3 Ra4 38. Qc1 Qb8 39. Qf4 Qe8 40. Qc1 Qb8 41. Qf4 Qe8
42. Qc1 1/2-1/2

[Event "Hastings Masters 2025-26"]
[Site "Hastings ENG"]
[Date "2025.12.28"]
[Round "1.26"]
[White "Martin, Nils"]
[Black "Barbu, Simon-Alexandru"]
[Result "1-0"]
[WhiteTitle "FM"]
[WhiteElo "2222"]
[BlackElo "2051"]
[WhiteFideId "45160473"]
[BlackFideId "1257170"]
[EventDate "2025.12.28"]

1. e4 c6 2. d4 d5 3. Nd2 dxe4 4. Nxe4 Nf6 5. Nxf6+ exf6 6. c3 Bd6 7. Bd3 O-O 8.
Ne2 Re8 9. O-O Na6 10. Qc2 g6 11. Bh6 Nc7 12. Ng3 f5 13. Qd2 Ne6 14. Rfe1 Bc7
15. Bc4 Qf6 16. Bg5 Qg7 17. d5 cxd5 18. Bb5 f4 19. Nf1 Rf8 20. Be7 a6 21. Ba4 d4
22. Bxf8 Kxf8 23. cxd4 b5 24. Qb4+ Kg8 25. Bb3 Bd7 26. Rad1 Qh6 27. Qe7 Rd8 28.
Bxe6 fxe6 29. Rc1 Ba5 30. b4 Bb6 31. Rxe6 1-0

[Event "Hastings Masters 2025-26"]
[Site "Hastings ENG"]
[Date "2025.12.28"]
[Round "1.27"]
[White "Skytte, Robert"]
[Black "Wall, Tim P"]
[Result "1-0"]
[WhiteTitle "CM"]
[BlackTitle "FM"]
[WhiteElo "2050"]
[BlackElo "2219"]
[WhiteFideId "1471775"]
[BlackFideId "401641"]
[EventDate "2025.12.28"]

1. e4 e5 2. Nf3 Nc6 3. Bb5 a6 4. Ba4 d6 5. Nc3 Bd7 6. Bxc6 Bxc6 7. d4 f6 8. O-O
Ne7 9. Be3 Ng6 10. Qd3 Qd7 11. d5 Bb5 12. Nxb5 axb5 13. h3 Be7 14. Kh2 h5 15. c4
bxc4 16. Qxc4 O-O 17. Rfc1 Bd8 18. a4 f5 19. exf5 Qxf5 20. a5 Nf4 21. Nd2 h4 22.
Qb5 Qg6 23. Bxf4 Rxf4 24. f3 Bg5 25. Qxb7 Raf8 26. Rxc7 Rd4 27. Nf1 e4 28. fxe4
Bf4+ 29. Kh1 Be5 30. Rc8 Qf6 31. Rxf8+ Qxf8 32. Qd7 Rxe4 33. a6 Bxb2 34. Rb1 Re8
35. Nd2 Bd4 36. Nf3 Bf2 37. Qg4 Qf6 38. Qd7 Re7 39. Qc8+ Kh7 40. Qc2+ 1-0

[Event "Hastings Masters 2025-26"]
[Site "Hastings ENG"]
[Date "2025.12.28"]
[Round "1.28"]
[White "Swiatkowski, Dominik"]
[Black "Herzwurm, Robert"]
[Result "0-1"]
[WhiteElo "1874"]
[BlackElo "2047"]
[WhiteFideId "343415202"]
[BlackFideId "4668570"]
[EventDate "2025.12.28"]

1. e4 e6 2. d3 c5 3. Nf3 Nc6 4. g3 g6 5. Bg2 Bg7 6. O-O Nge7 7. c3 d6 8. d4 cxd4
9. cxd4 O-O 10. Nc3 Qb6 11. Na4 Qa5 12. Bd2 Qh5 13. Be3 Bd7 14. Nc3 Rfc8 15. Qd2
b5 16. Ne2 e5 17. g4 Qxg4 18. h3 Qxe4 19. Ng3 Qd5 20. Nxe5 Qe6 21. Nxc6 Bxc6 22.
Rfe1 Bxg2 23. Kxg2 Qd5+ 24. Kg1 Nf5 25. Nxf5 Qxf5 26. Kh2 Rc2 27. Qb4 Re8 28.
Rad1 Rxe3 0-1

[Event "Hastings Masters 2025-26"]
[Site "Hastings ENG"]
[Date "2025.12.28"]
[Round "1.29"]
[White "Freeman, Luke"]
[Black "Verbytski, Oleg"]
[Result "0-1"]
[WhiteElo "1867"]
[BlackElo "2039"]
[WhiteFideId "343411959"]
[BlackFideId "495506"]
[EventDate "2025.12.28"]

1. e4 c5 2. Nf3 d6 3. Bb5+ Bd7 4. Bxd7+ Qxd7 5. c4 Nc6 6. d4 cxd4 7. Nxd4 Nf6 8.
Nc3 g6 9. f3 Bg7 10. Be3 O-O 11. O-O a6 12. Qd3 Rfc8 13. b3 Rab8 14. Nxc6 Qxc6
15. Rac1 b6 16. Rfd1 Qb7 17. a4 Nd7 18. Rb1 Bxc3 19. Qxc3 b5 20. axb5 axb5 21.
Bh6 f6 22. Qc2 Qa7+ 23. Qf2 Qxf2+ 24. Kxf2 bxc4 25. bxc4 Rxb1 26. Rxb1 Ne5 27.
h4 Kf7 28. Bf4 Nxc4 29. Rb7 Ke6 30. g4 Na5 31. Ra7 Nc6 32. Rb7 Nd8 33. Ra7 Nf7
34. Ra2 Rc3 35. Rb2 Ra3 36. Rc2 Rb3 37. Ra2 h6 38. Rc2 g5 39. hxg5 hxg5 40. Bg3
Nd8 41. Bh2 Nb7 42. Ke2 Nc5 43. Rd2 Na4 44. Bg3 Rb2 45. Rxb2 Nxb2 46. f4 gxf4
47. Bxf4 Nc4 48. Bh6 Ne5 49. g5 Nf7 50. gxf6 Nxh6 51. fxe7 Kxe7 52. Kd3 Ke6 53.
Kd4 Ng4 54. Kd3 Ke5 0-1

[Event "Hastings Masters 2025-26"]
[Site "Hastings ENG"]
[Date "2025.12.28"]
[Round "1.30"]
[White "Kilambi, Venkata Ananth Akshay"]
[Black "Siddharth, Gopakumar"]
[Result "0-1"]
[WhiteElo "2038"]
[BlackElo "1864"]
[WhiteFideId "489395"]
[BlackFideId "5053463"]
[EventDate "2025.12.28"]

1. Nf3 d5 2. e3 c5 3. b3 Nf6 4. Bb2 a6 5. c4 dxc4 6. bxc4 Nc6 7. a3 Bf5 8. Be2
Bd3 9. O-O e6 10. Nc3 Be7 11. Rc1 O-O 12. Bxd3 Qxd3 13. Ne2 b5 14. Nf4 Qd6 15.
Ne2 Rfd8 16. d4 cxd4 17. Nexd4 Nxd4 18. Nxd4 bxc4 19. Qa4 Rdb8 20. Qc2 Nd5 21.
a4 Ra7 22. Nf3 f6 23. Rfd1 Qb4 24. Bd4 Rab7 25. Qa2 Qb3 26. Qe2 Rb4 27. Nd2 Qxa4
28. Nxc4 Qb5 29. Qd3 a5 30. g3 Rb3 31. Qe4 Qa6 32. Ba1 R3b4 33. Qd3 Nb6 34. Nb2
Qxd3 35. Nxd3 Rb5 36. Rc6 Nd5 37. e4 Rb1 38. Rcc1 Rxc1 39. Rxc1 Nb4 40. Rb1 Rd8
41. Nxb4 Bxb4 42. Kg2 e5 43. Kf3 Rd2 44. Rc1 h5 45. h4 Ra2 46. Kg2 Kh7 47. Bc3
Bc5 48. Be1 Bd4 49. Rd1 a4 50. Rd3 Kg8 51. Kf3 Kf7 52. Bd2 Rb2 53. Be3 Bxe3 54.
Kxe3 Rb3 55. Rxb3 axb3 56. Kd3 f5 57. f3 f4 58. gxf4 exf4 59. Kc3 g5 60. Kxb3
gxh4 0-1

[Event "Hastings Masters 2025-26"]
[Site "Hastings ENG"]
[Date "2025.12.28"]
[Round "1.31"]
[White "Kim, Changhoon"]
[Black "Balzer, Lars"]
[Result "1/2-1/2"]
[WhiteTitle "CM"]
[WhiteElo "1874"]
[BlackElo "2026"]
[WhiteFideId "34117234"]
[BlackFideId "4646452"]
[EventDate "2025.12.28"]

1. Nf3 g6 2. c4 Bg7 3. d4 Nf6 4. g3 O-O 5. Bg2 d6 6. O-O c6 7. Nc3 Qa5 8. e4 Bg4
9. h3 Bxf3 10. Bxf3 e5 11. d5 cxd5 12. cxd5 Nbd7 13. Be3 a6 14. h4 h5 15. Qa4
Qd8 16. Qb4 Qb8 17. a4 b6 18. Rfc1 Rc8 19. Qa3 Kh7 20. b4 Bh6 21. Bxh6 Kxh6 22.
Nd1 Qb7 23. Nb2 b5 24. a5 Kg7 25. Qe3 Rxc1+ 26. Rxc1 Rc8 27. Rc3 Rxc3 28. Qxc3
Qa7 29. Kf1 Ng4 30. Nd1 Nh2+ 31. Ke2 Nxf3 32. Kxf3 Nf6 33. Ne3 Kg8 34. Qc8+ Kg7
35. Qc3 Kg8 36. Qc8+ 1/2-1/2

[Event "Hastings Masters 2025-26"]
[Site "Hastings ENG"]
[Date "2025.12.28"]
[Round "1.32"]
[White "Woods, Yannick"]
[Black "Hu, Junyan"]
[Result "0-1"]
[WhiteElo "2023"]
[BlackElo "1862"]
[WhiteFideId "2518384"]
[BlackFideId "343401260"]
[EventDate "2025.12.28"]

1. d4 Nf6 2. c4 e6 3. Nc3 Bb4 4. a3 Bxc3+ 5. bxc3 c5 6. f3 d5 7. cxd5 exd5 8. e3
O-O 9. Bd3 Re8 10. Ne2 Nc6 11. O-O Qc7 12. Ng3 Bd7 13. Re1 h6 14. Bb2 Re7 15.
Qd2 Rae8 16. Rac1 Na5 17. Qf2 Nb3 18. Rc2 c4 19. Bf5 h5 20. h4 g6 21. Bxd7 Qxd7
22. Rce2 Qc6 23. a4 Re6 24. Nh1 Qxa4 25. Qg3 b5 26. Nf2 b4 27. e4 Qa5 28. e5
bxc3 29. exf6 Nxd4 30. Rxe6 Nxe6 31. Rxe6 Rxe6 32. Qb8+ Kh7 33. Nh3 Qb6+ 34.
Qxb6 Rxb6 35. Bxc3 Rb3 36. Bd4 c3 37. Nf4 c2 38. Ne2 a5 39. Kf2 a4 40. Ke1 Rd3
41. Bb2 a3 42. Bc1 a2 0-1

[Event "Hastings Masters 2025-26"]
[Site "Hastings ENG"]
[Date "2025.12.28"]
[Round "1.33"]
[White "Ruane, Brendan J"]
[Black "Byron, Alan M"]
[Result "0-1"]
[WhiteElo "1857"]
[BlackElo "2022"]
[WhiteFideId "430218"]
[BlackFideId "401773"]
[EventDate "2025.12.28"]

1. e4 c6 2. c4 d6 3. Nc3 e5 4. d4 Nd7 5. Nf3 Be7 6. Be2 Ngf6 7. O-O O-O 8. Qc2
Qc7 9. Bg5 Re8 10. Rfe1 Nf8 11. Rad1 Bg4 12. Nh4 Bxe2 13. Rxe2 exd4 14. Nb1 Ne6
15. Bc1 g6 16. Nf3 c5 17. b4 Nh5 18. g3 b6 19. b5 Bf6 20. Rde1 Qb7 21. Qd3 Bg7
22. Nbd2 Qd7 23. Nf1 Nc7 24. Nh4 a6 25. a4 axb5 26. axb5 Qe6 27. f4 Ra4 28. Nd2
Qg4 29. Ndf3 Ra1 30. Kg2 Rxc1 0-1

[Event "Hastings Masters 2025-26"]
[Site "Hastings ENG"]
[Date "2025.12.28"]
[Round "1.34"]
[White "Ortiz Sanchez, Luis"]
[Black "Ratcliffe, James"]
[Result "1/2-1/2"]
[WhiteElo "2007"]
[BlackElo "1845"]
[WhiteFideId "24581160"]
[BlackFideId "343432840"]
[EventDate "2025.12.28"]

1. e4 c5 2. Nf3 Nc6 3. Nc3 g6 4. d4 cxd4 5. Nxd4 Nf6 6. Be3 d6 7. f3 h5 8. Qd2
Nxd4 9. Bxd4 Bh6 10. Bb5+ Kf8 11. Be3 Bxe3 12. Qxe3 Be6 13. Qd4 Qa5 14. h4 a6
15. Bd3 Rc8 16. Kf2 Qc5 17. Ne2 Qxd4+ 18. Nxd4 Bc4 19. Bxc4 Rxc4 20. c3 Kg7 21.
Rhd1 Rb8 22. Rac1 b5 23. Nc2 a5 24. Ne3 Rc7 25. Rd2 a4 26. Rdc2 Rc5 27. Ke2 b4
28. cxb4 Rxb4 29. Rxc5 dxc5 30. Rxc5 Rxb2+ 31. Rc2 Rb1 32. Kd3 Nd7 33. Nd5 e6
34. Ne3 Kf6 35. Rc7 Ne5+ 36. Kc2 Re1 37. Kd2 Ra1 38. Rc2 Rh1 39. Nc4 Rxh4 40.
Nxe5 Kxe5 41. Ke3 g5 42. Rc5+ Kf6 43. Ra5 Rh2 44. Kf2 Rh1 45. Rxa4 Ra1 46. Ra5
h4 47. Ra7 Kg7 48. a4 Ra2+ 49. Kg1 Kf6 50. Kh2 Ke5 51. Rxf7 Rxa4 52. Kh3 Ra2 53.
g3 hxg3 54. Kxg3 Ra1 55. Rf8 Rh1 56. Kf2 Rh4 57. Ke3 Rh3 58. Kf2 Rh4 59. Kg3 Rh1
60. Kg4 Rg1+ 61. Kh5 Rg2 1/2-1/2

[Event "Hastings Masters 2025-26"]
[Site "Hastings ENG"]
[Date "2025.12.28"]
[Round "1.35"]
[White "Swiatkowski, Aram"]
[Black "Kendall, Arthur"]
[Result "1/2-1/2"]
[WhiteElo "1843"]
[BlackElo "2000"]
[WhiteFideId "343415210"]
[BlackFideId "343410960"]
[EventDate "2025.12.28"]

1. e4 e6 2. b3 d5 3. Bb2 dxe4 4. Nc3 Nf6 5. Qe2 Bb4 6. O-O-O Qe7 7. Nxe4 Nbd7 8.
d3 Ba3 9. Nc3 c6 10. f4 a5 11. g4 a4 12. Bg2 axb3 13. cxb3 Bxb2+ 14. Kxb2 Qa3+
15. Kb1 O-O 16. g5 Nd5 17. Bxd5 exd5 18. Qb2 Qxb2+ 19. Kxb2 Re8 20. d4 Nf8 21.
Nge2 Bg4 22. Rd2 Bxe2 23. Nxe2 Re3 24. Ng3 g6 25. Rf1 Ne6 26. Rff2 Re8 27. Kc2
Ng7 28. Rde2 Nf5 29. Rxe3 Rxe3 30. Nxf5 gxf5 31. Kd2 Re4 32. Kd3 Kg7 33. a4 Kg6
34. b4 Kh5 35. b5 cxb5 36. axb5 Kg4 37. Rc2 Kxf4 38. Rc7 b6 39. Rxf7 Re3+ 40.
Kd2 Rb3 41. h4 Rxb5 42. Rxh7 Rb2+ 43. Kc3 Rg2 44. Rh6 Rg3+ 45. Kb4 Ke4 46. Rxb6
Kxd4 47. g6 f4 48. h5 f3 49. Rf6 Ke5 50. Rf7 Ke6 51. Kc3 Rg5 52. Rxf3 Rxh5 1/2-1/2

[Event "Hastings Masters 2025-26"]
[Site "Hastings ENG"]
[Date "2025.12.28"]
[Round "1.36"]
[White "Sciupokas, Arunas"]
[Black "Pai, Sidhanth"]
[Result "0-1"]
[WhiteElo "1990"]
[BlackElo "1842"]
[WhiteFideId "12803693"]
[BlackFideId "343111937"]
[EventDate "2025.12.28"]

1. e4 c5 2. Nf3 d6 3. Bb5+ Nd7 4. Ba4 Nf6 5. d3 a6 6. O-O e6 7. c3 Be7 8. Re1
O-O 9. Nbd2 b5 10. Bc2 Bb7 11. Nf1 Rc8 12. Ng3 Qc7 13. Qe2 Rfe8 14. h3 Bf8 15.
Bd2 e5 16. a4 d5 17. axb5 axb5 18. Bg5 dxe4 19. dxe4 c4 20. Nh2 h6 21. Bxf6 Nxf6
22. Ng4 Re6 23. Ne3 g6 24. Red1 h5 25. Nd5 Qc5 26. b4 cxb3 27. Bxb3 h4 28. Nf1
Rd6 29. Nxf6+ Rxf6 30. Bd5 Bxd5 31. exd5 Qxc3 32. Ne3 b4 33. d6 Rxd6 34. Rdc1
Qxc1+ 35. Rxc1 Rxc1+ 36. Kh2 Rd4 37. Qb2 Rc8 38. Qb3 Rc3 39. Qb2 Rcd3 40. Ng4
Rd2 41. Qb3 R2d3 42. Qb2 Bd6 43. Ne3 e4+ 44. Kg1 Rd1+ 45. Nf1 Be5 46. Qc2 Re1
47. Qc8+ Kg7 48. Qc5 Bf6 0-1

[Event "Hastings Masters 2025-26"]
[Site "Hastings ENG"]
[Date "2025.12.28"]
[Round "1.37"]
[White "Vaidyanathan, Sathya"]
[Black "Rayner, Francis"]
[Result "1/2-1/2"]
[WhiteElo "1842"]
[BlackElo "1983"]
[WhiteFideId "490539"]
[BlackFideId "1800132"]
[EventDate "2025.12.28"]

1. e4 c5 2. c3 d6 3. d4 Nf6 4. dxc5 Nc6 5. Qd3 dxc5 6. Qxd8+ Kxd8 7. f3 b6 8.
Be3 Kc7 9. a4 Kb7 10. Na3 Be6 11. Bc4 Bxc4 12. Nxc4 e6 13. a5 Rd8 14. Nh3 h6 15.
Ke2 Be7 16. Ra3 b5 17. a6+ Ka8 18. Na5 Rc8 19. Nxc6 Rxc6 20. Ra5 Rb8 21. Nf4 Nd7 1/2-1/2

[Event "Hastings Masters 2025-26"]
[Site "Hastings ENG"]
[Date "2025.12.28"]
[Round "1.38"]
[White "Ashton, Alannah"]
[Black "Sow, MiaoGeng Malcolm"]
[Result "1/2-1/2"]
[WhiteTitle "WCM"]
[WhiteElo "1983"]
[BlackElo "1842"]
[WhiteFideId "480681"]
[BlackFideId "5817501"]
[EventDate "2025.12.28"]

1. e4 c5 2. Nf3 e6 3. d4 cxd4 4. Nxd4 a6 5. c4 Nf6 6. Nc3 Bb4 7. Qd3 d5 8. exd5
exd5 9. Be2 O-O 10. O-O Nc6 11. Nxc6 bxc6 12. cxd5 cxd5 13. Be3 Bb7 14. Rfd1 Qe7
15. Bf3 Rad8 16. Bd4 Ne4 17. Na4 f5 18. a3 Bd6 19. Bb6 Rc8 20. Nc3 Bxh2+ 21. Kf1
Be5 22. Nxd5 Qd6 23. Qb3 Kh8 24. Qb4 Qxb4 25. axb4 Bxb2 26. Ra5 Rc2 27. Nc7 g5
28. Ne6 Re8 29. Nxg5 Nd2+ 30. Kg1 1/2-1/2

[Event "Hastings Masters 2025-26"]
[Site "Hastings ENG"]
[Date "2025.12.28"]
[Round "1.39"]
[White "Venkatesh, Anuj"]
[Black "Dewangan, Aayush"]
[Result "1/2-1/2"]
[WhiteElo "1825"]
[BlackElo "1981"]
[WhiteFideId "455636"]
[BlackFideId "469700"]
[EventDate "2025.12.28"]

1. d4 Nf6 2. Nf3 g6 3. g3 Bg7 4. c4 d5 5. cxd5 Nxd5 6. Bg2 Nb6 7. Nc3 Nc6 8. e3
O-O 9. O-O e5 10. d5 Na5 11. e4 c6 12. Re1 cxd5 13. exd5 Re8 14. d6 Nac4 15. Nb5
Rb8 16. Be3 e4 17. Nc7 Rf8 18. Bxb6 axb6 19. Rxe4 Nxd6 20. Ne8 Bxb2 21. Rb1 Ba3
22. Nxd6 Qxd6 23. Qxd6 Bxd6 24. Rxb6 Bc5 25. Rb2 Bf5 26. Re5 b6 27. h3 h5 28.
Ree2 Kg7 29. Ng5 Rfd8 30. Be4 Bc8 31. Red2 Rxd2 32. Rxd2 Be7 33. h4 Bxg5 34.
hxg5 Be6 35. Rb2 1/2-1/2

[Event "Hastings Masters 2025-26"]
[Site "Hastings ENG"]
[Date "2025.12.28"]
[Round "1.40"]
[White "Chapman, Luke"]
[Black "Gupta, Aditya"]
[Result "1/2-1/2"]
[WhiteElo "1976"]
[BlackElo "1808"]
[WhiteFideId "343416608"]
[BlackFideId "343418643"]
[EventDate "2025.12.28"]

1. e4 c5 2. Nf3 d6 3. d4 cxd4 4. Nxd4 Nf6 5. Nc3 g6 6. f3 Bg7 7. Be3 O-O 8. Qd2
Nc6 9. O-O-O d5 10. exd5 Nxd5 11. Nxc6 bxc6 12. Bd4 e5 13. Bc5 Re8 14. Ne4 Be6
15. h4 f5 16. Ng5 Bh6 17. Bc4 Bxg5 18. hxg5 Nf4 19. Qc3 Qxg5 20. Be3 Qe7 21.
Bxf4 exf4 22. Kb1 Rad8 23. Rc1 Qd7 24. Bxe6+ Qxe6 25. Rxh7 Qe5 26. Qxe5 Rxe5 27.
Rxa7 Rd2 28. a4 Rxg2 29. Rd1 Rd5 30. Re1 Rd8 31. Rb7 g5 32. a5 g4 33. Rb4 Ra8
34. Rxf4 1/2-1/2

[Event "Hastings Masters 2025-26"]
[Site "Hastings ENG"]
[Date "2025.12.28"]
[Round "1.41"]
[White "Saxena, Advik"]
[Black "Vaddhireddy, Sai"]
[Result "0-1"]
[WhiteElo "1806"]
[BlackElo "1960"]
[WhiteFideId "343423892"]
[BlackFideId "499560"]
[EventDate "2025.12.28"]

1. d4 d5 2. c4 c6 3. Nf3 Nf6 4. Qc2 dxc4 5. Qxc4 Bf5 6. g3 e6 7. Bg2 Be7 8. O-O
O-O 9. Nc3 Nbd7 10. Re1 Bg6 11. Bg5 Rc8 12. Qb3 b5 13. Bxf6 Nxf6 14. Ne5 Qb6 15.
e3 Rfd8 16. Rac1 Nd7 17. Nxd7 Rxd7 18. d5 cxd5 19. Nxd5 Rxc1 20. Nxe7+ Rxe7 21.
Rxc1 h6 22. Qb4 Rc7 23. Rxc7 Qxc7 24. Qxb5 Qc1+ 25. Bf1 Bf5 26. Qb8+ Kh7 27.
Qxa7 Bd3 28. Kg2 Qxf1+ 29. Kf3 Qh1+ 30. Kg4 Qe4+ 31. f4 Be2+ 32. Kh3 Bf1+ 33.
Kg4 h5+ 34. Kh4 Qf5 0-1

[Event "Hastings Masters 2025-26"]
[Site "Hastings ENG"]
[Date "2025.12.28"]
[Round "1.42"]
[White "Ward, Cian"]
[Black "Prince, Alan R"]
[Result "1-0"]
[WhiteElo "1947"]
[BlackElo "1803"]
[WhiteFideId "475599"]
[BlackFideId "2402165"]
[EventDate "2025.12.28"]

1. e4 c5 2. Nf3 Nc6 3. Bb5 Nf6 4. e5 Nd5 5. Nc3 Nc7 6. Bxc6 dxc6 7. O-O g6 8.
Re1 Bg7 9. Ne4 b6 10. Nf6+ Kf8 11. Ne4 Ne6 12. d3 h6 13. c3 Bb7 14. Qc2 Qc7 15.
Be3 Rd8 16. Rad1 Kg8 17. d4 cxd4 18. cxd4 Kh7 19. b4 Rhe8 20. h4 f5 21. exf6
exf6 22. h5 Qf7 23. hxg6+ Qxg6 24. Nh4 1-0

[Event "Hastings Masters 2025-26"]
[Site "Hastings ENG"]
[Date "2025.12.28"]
[Round "1.43"]
[White "Liu, Yiyi"]
[Black "Turner, Lewis A"]
[Result "1-0"]
[WhiteElo "1791"]
[BlackElo "1945"]
[WhiteFideId "8617171"]
[BlackFideId "412600"]
[EventDate "2025.12.28"]

1. d4 Nf6 2. c4 g6 3. Nc3 d5 4. cxd5 Nxd5 5. e4 Nxc3 6. bxc3 Bg7 7. Ba3 Nd7 8.
Bc4 c5 9. Qb3 O-O 10. Nf3 cxd4 11. cxd4 Nb6 12. O-O Nxc4 13. Qxc4 Bg4 14. Ne5
Be6 15. Qb4 Qb6 16. f4 Rfd8 17. Rfd1 Qxb4 18. Bxb4 f6 19. Nf3 Rd7 20. d5 Bf7 21.
Rd3 f5 22. e5 Rxd5 23. Rxd5 Bxd5 24. Bxe7 Bxf3 25. gxf3 Kf7 26. Bd6 Rc8 27. Rb1
b6 28. a4 Ke6 29. Rb4 Bh6 30. h4 Rc2 31. Bb8 Bf8 32. Rb3 Bc5+ 33. Kf1 Rc4 34.
Bxa7 Rxf4 35. a5 bxa5 36. Bxc5 Kxe5 37. Bf2 a4 38. Rb5+ Ke6 39. Ke2 h6 40. Rb6+
Kf7 41. h5 gxh5 42. Rxh6 Rc4 43. Kd3 Rf4 44. Ke3 Rb4 45. Rxh5 f4+ 46. Kd3 Rb3+
47. Ke4 Rb4+ 48. Bd4 a3 49. Ra5 1-0

[Event "Hastings Masters 2025-26"]
[Site "Hastings ENG"]
[Date "2025.12.28"]
[Round "1.44"]
[White "Rastogi, Nayan Keats"]
[Black "Butt, Laurence"]
[Result "1-0"]
[WhiteElo "1939"]
[BlackElo "1790"]
[WhiteFideId "343407579"]
[BlackFideId "440884"]
[EventDate "2025.12.28"]

1. e4 c5 2. Nf3 d6 3. Bb5+ Bd7 4. Bxd7+ Qxd7 5. c4 Nc6 6. Nc3 e5 7. d3 g6 8. a3
h5 9. Nd5 Nce7 10. b4 Nxd5 11. cxd5 cxb4 12. axb4 Be7 13. Be3 a6 14. Qb3 Nh6 15.
b5 f5 16. bxa6 bxa6 17. Qa4 Qxa4 18. Rxa4 f4 19. Bd2 g5 20. Bb4 O-O 21. Nxe5 a5
22. Ba3 f3 23. Nxf3 Rfb8 24. Ke2 Nf7 25. Nd2 Nd8 26. Nc4 Nb7 27. Rb1 Kf7 28. Rb6
Ke8 29. Bxd6 Nxd6 30. Nxd6+ Bxd6 31. Rxd6 Ke7 32. Rc6 Rb5 33. Ke3 Kd7 34. Rcc4
Rf8 35. Rc2 Kd6 36. Rca2 Ra8 37. Rc4 Rb3 38. Kd4 g4 39. h3 gxh3 40. gxh3 Rb1 41.
Rca4 Rh1 42. Rxa5 Rxa5 43. Rxa5 Rxh3 44. Ra6+ Ke7 45. Rh6 h4 46. Ke5 Rh1 47.
Rh7+ 1-0

[Event "Hastings Masters 2025-26"]
[Site "Hastings ENG"]
[Date "2025.12.28"]
[Round "1.45"]
[White "Rubeck, Jonathan"]
[Black "Wilson, Matthew R"]
[Result "1-0"]
[WhiteElo "1913"]
[BlackElo "1772"]
[WhiteFideId "435678"]
[BlackFideId "423459"]
[EventDate "2025.12.28"]

1. e4 e5 2. Nf3 Nf6 3. Bc4 Nxe4 4. Nc3 Nxc3 5. dxc3 f6 6. Nh4 g6 7. f4 Qe7 8. f5
c6 9. fxg6 d5 10. Qh5 Kd8 11. Be2 Qg7 12. Qf3 hxg6 13. g3 Bh3 14. Be3 Nd7 15.
Qf2 b6 16. O-O-O Bc5 17. Bxc5 Nxc5 18. c4 Qh6+ 19. Kb1 Ne4 20. Qe1 Be6 21. cxd5
cxd5 22. Bc4 Ke7 23. Bxd5 Nc5 24. Bxa8 Rxa8 25. Qd2 Qxd2 26. Rxd2 g5 27. Ng2 Ne4
28. Re2 Nd6 29. Ne3 g4 30. Rd1 Nf5 31. Nd5+ Bxd5 32. Rxd5 Ke6 33. Rd3 Rh8 34. c3
Nd6 35. Kc1 f5 36. Kd1 Ne4 37. Rde3 Rd8+ 38. Kc2 Kf6 39. Rd3 Rxd3 40. Kxd3 Ng5
41. a4 Nf3 42. b4 f4 43. gxf4 exf4 44. Ke4 Kg5 45. c4 Nh4 46. c5 bxc5 47. bxc5
Nf5 48. c6 f3 49. Rd2 Ne7 50. c7 Kf6 51. Kf4 1-0

[Event "Hastings Masters 2025-26"]
[Site "Hastings ENG"]
[Date "2025.12.28"]
[Round "1.46"]
[White "Eldridge, Albert"]
[Black "Gorskovs, Andrejs"]
[Result "0-1"]
[WhiteElo "1781"]
[BlackElo "1920"]
[WhiteFideId "343438857"]
[BlackFideId "343426751"]
[EventDate "2025.12.28"]

1. d4 Nf6 2. Bf4 e6 3. e3 c5 4. Nf3 Nc6 5. Nbd2 Be7 6. c3 Nh5 7. dxc5 Nxf4 8.
exf4 Bxc5 9. Ne4 Be7 10. Nd6+ Bxd6 11. Qxd6 Qe7 12. Rd1 Qxd6 13. Rxd6 Ke7 14.
Rd2 d5 15. Bb5 Bd7 16. Bxc6 bxc6 17. O-O f6 18. Re1 Kf7 19. h3 a5 20. c4 g6 21.
Rc1 Rac8 22. Rdc2 Rhe8 23. Kf1 Ke7 24. cxd5 exd5 25. Rc5 a4 26. Nd4 Kd6 27. f3
Rb8 28. b3 axb3 29. axb3 Rb6 30. Kf2 Ra8 31. R1c2 Raa6 32. g4 Rb4 33. Ke3 Rbb6
34. Kd2 Ra1 35. b4 Ra4 36. R5c3 Raxb4 37. Kd3 Ra4 38. f5 g5 39. Ne6 Bxe6 40.
fxe6 Ra8 41. Re2 Re8 42. Kd4 c5+ 43. Kd3 Rc6 44. Ra3 Rxe6 45. Rxe6+ Kxe6 46. Ra7
Ke5 47. Re7+ Kf4 48. Rd7 d4 49. Rxh7 c4+ 50. Kxd4 c3 0-1

[Event "Hastings Masters 2025-26"]
[Site "Hastings ENG"]
[Date "2025.12.28"]
[Round "1.47"]
[White "Jacobs, Simon"]
[Black "Norinkeviciute, Rasa"]
[Result "0-1"]
[BlackTitle "WFM"]
[WhiteElo "1749"]
[BlackElo "1904"]
[WhiteFideId "343440673"]
[BlackFideId "12801925"]
[EventDate "2025.12.28"]

1. e4 d6 2. d4 Nf6 3. Nc3 Nbd7 4. f4 e5 5. Nf3 Qe7 6. fxe5 dxe5 7. d5 c6 8. dxc6
bxc6 9. Bd3 Qc5 10. Qe2 Rb8 11. a3 Be7 12. Be3 Qa5 13. Bd2 Qc7 14. b4 O-O 15.
O-O c5 16. b5 Nb6 17. Nd5 Nfxd5 18. exd5 c4 19. Be4 f5 20. d6 Bxd6 21. Bc6 e4
22. Ng5 Bxh2+ 23. Kh1 h6 24. Nh3 Be5 25. Bf4 Be6 26. Bxe5 Qxe5 27. Nf4 Bf7 28.
a4 g5 29. a5 Nc8 30. Nh5 Nd6 31. Rad1 Nxb5 32. Rd7 Nd4 33. Rxd4 Qxd4 34. Rxf5
Rb1+ 35. Rf1 0-1

[Event "Hastings Masters 2025-26"]
[Site "Hastings ENG"]
[Date "2025.12.28"]
[Round "1.48"]
[White "Fryer, David W"]
[Black "Halas, Kim Aleksander"]
[Result "1-0"]
[WhiteElo "1902"]
[BlackElo "1729"]
[WhiteFideId "406384"]
[BlackFideId "1546074"]
[EventDate "2025.12.28"]

1. b3 f5 2. Bb2 e6 3. e3 Nf6 4. Nf3 g6 5. d4 Bg7 6. c4 O-O 7. Qc2 a5 8. a3 d6 9.
Nc3 Na6 10. g3 Qe7 11. Bg2 c5 12. O-O e5 13. dxe5 dxe5 14. e4 Rb8 15. Rfe1 f4
16. gxf4 exf4 17. e5 Ne8 18. Nd5 Qf7 19. Ng5 Bf5 20. Qe2 Qd7 21. e6 Qd6 22. e7
Rf7 23. Nxf7 Kxf7 24. Rad1 Bxb2 25. Qxb2 Nac7 26. Nxc7 Qxc7 27. Bd5+ 1-0